|
|
|
|
| LEADER |
00000cam a2200000 7i4500 |
| 001 |
0000002752 |
| 005 |
20040105.0 |
| 020 |
0 |
0 |
|a 4431006605
|
| 090 |
0 |
0 |
|a R577.3409595117
|b PAS 2003
|
| 245 |
0 |
0 |
|a PASOH :
|b ecology of a lowland rain forest in Southeast Asia
|c T. Okuda ... (eds.)
|
| 260 |
0 |
0 |
|a Tokyo :
|b Springer-Verlag ,
|c 2003
|
| 300 |
|
|
|a xviii, 628 p. :
|b ill. ;
|c 24 cm.
|
| 500 |
0 |
0 |
|a Includes bibliographical references and index
|
| 650 |
0 |
0 |
|a Rain forest ecology
|z Asia, Southeastern
|
| 650 |
0 |
0 |
|a Rain forest ecology
|z Pasoh, Negeri Sembilan
|
| 700 |
0 |
1 |
|a Okuda
|h T.
|
| 998 |
|
|
|a JPSM
|
| 999 |
|
|
|a 0000003752
|b Monograph
|c Reference
|e Default branch
|